00429nam a2200181Ia 4500003000900000008004100009040001300050040001300063041000800076100002100084245004100105250001900146260002500165260000900190300001000199490000600209600003200215IT-RoPAU120407s9999 xx 000 0 und d aIT-RoPAU cIT-RoPAU afra aClaude Francolin aLa vie passionnée de Paul Gauguin. aParis-Verviers aEd. Seghers-Gérard c1957 c21 cm v1 av. 1: Prima parte p.330